Statystyki dla Najludniejsze państwa świata w 1950 roku

Kliknij tutaj aby rozwiązać quiz!

Ogólne statystyki

  • Ten quiz został rozwiązany 15 340 razy
  • Średni wynik to 15 z 20

Statystyki odpowiedzi

LudnośćKraj% Poprawnych
563 mlnChiny
99%
152 mlnStany Zjednoczone
97%
370 mlnIndie
95%
52 mlnRepublika Federalna Niemiec
94%
133 mlnImperium Francuskie
93%
25 mlnPolska
90%
53 mlnBrazylia
89%
140 mlnImperium Brytyjskie
88%
28 mlnHiszpania
87%
84 mlnJaponia
84%
189 mlnZwiązek Radziecki
84%
48 mlnWłochy
80%
29 mlnMeksyk
79%
21 mlnTurcja
69%
83 mlnIndonezja
63%
21 mlnEgipt
62%
86 mlnPakistan
51%
21 mlnKorea Południowa
47%
21 mlnFilipiny
33%
25 mlnImperium Belgijskie
30%

Rozkład punktacji

Percentyl według liczby udzielonych odpowiedzi

Procent ludzi z każdym wynikiem

Twoja historia wyników

Nie rozwiązałeś tego quizu